香港行政区划 - Statistics

General Stats
  • This quiz has been taken 329 times
  • The average score is 11 of 18
Answer Stats
区域 行政区 % Correct
香港岛
77%
香港岛
77%
新界
77%
九龙 油尖旺
69%
香港岛 中西
67%
新界 元朗
67%
新界 离岛
66%
新界 荃湾
63%
新界 西贡
61%
新界 屯门
61%
九龙 黄大仙
60%
香港岛 湾仔
56%
九龙 九龙城
54%
九龙 观塘
52%
新界 沙田
52%
新界 大埔
52%
九龙 深水埗
51%
新界 葵青
43%
No matching quizzes found
Score Distribution
Percent of People with Each Score
Percentile by Number Answered
Your Score History
You have not taken this quiz